Responses for Show #1182 - Tuesday, October 24, 1989

Steve Berman game 1.

Contestants

[<< previous game]

Steve Berman, a film executive from Santa Monica, California

Gary Myers, an attorney from Riverside, California

Jay Wish, a physician from Shaker Heights, Ohio (whose 1-day cash winnings total $7,801)

[next game >>]

Jeopardy! Round responses

STARTS WITH "A"
MEN'S COLOGNE
PHYSICAL SCIENCE
1967
CELEBRITY QUOTES
RECORD ALBUM COVERS
    $100 21
ain't

Steve
    $100 26
black

Steve
    $100 1
the center of the Earth

Steve
    $100 8
Lyndon Baines Johnson

Jay
    $100 16
Chastity Bono

Jay
    $100 2
Sgt. Pepper's Lonely Hearts Club Band

Steve
    $200 22
an apology

Steve
    $200 27
Polo

Jay
    $200 4
another diamond

Jay
    $200 9
to fund the war in Vietnam

Jay
    $200 17
a pig

Gary
    $200 3
Don Johnson

Jay
    $300 23
Aquarius & Aries

Steve
    $300 28
Dallas

Gary
    $300 5
day & night

Jay
    $300 10
The Dirty Dozen

Gary
    $300 18
John Denver

Gary
    $300 13
buckles

Triple Stumper
    $400 24
Abercrombie & Fitch

Steve
    $400 29
Aramis

Steve
    $400 6
ice crystals

Jay
    $300 11
Frankie Valli

Gary
    $400 19
Patty Hearst

Gary
    $400 14
Cyndi Lauper

Steve
    $500 25
Appaloosa

Gary
    $500 30
(Steve: What is Chanel?)

Guerlain

Steve
Triple Stumper
    $500 7
(Steve: What is the Aral Sea?)

the Dead Sea

JaySteve
    $500 12
Boston

Steve
    $500 20
Marlon Brando

Steve
    $500 15
(Alex: And the Tijuana Brass. I understand it wasn't really whipped cream, it was shaving cream. So they could photograph it a lot better under the hot lights.)

Herb Alpert

Steve

Scores at the first commercial break (after clue 12):

Jay Gary Steve
$1,900 $600 $200

Scores at the end of the Jeopardy! Round:

Jay Gary Steve
$2,200 $2,300 $2,600

Double Jeopardy! Round responses

U.S. GOVERNMENT
LITERATURE
FOREIGN BRAND NAMES
ILLINOIS
TV ACTORS & ROLES
ENDS WITH "Z"
    $200 1
(Steve: What is the legislative?)

the executive branch

JaySteve
    $200 11
The Prince and the Pauper

Steve
    $200 21
(Steve: What is an Austin Morris?)

MG

Steve
Triple Stumper
    $200 12
Abraham Lincoln

Gary
    $200 3
"Amen"

Jay
    $200 19
razz

Jay
    $400 2
Tip O'Neill

Steve
    $1,500 15
Shangri-La

Jay
    $400 22
Nikon

Steve
    $400 13
the Mississippi

Jay
    $400 4
Newhart

Gary
    $400 20
jazz

Steve
    $600 5
once a year (annually accepted)

Gary
    $600 16
(Steve: What is Emma Bovary?)

Madame Bovary

GarySteve
    $600 23
the wasp

Steve
    $1,800 14
Sears, Roebuck

Jay
    $600 8
Edgar Bergen

Steve
    $600 26
a gin fizz

Steve
    $800 6
(Jay: What is the Civil Aeronautics Board?)

FAA (Federal Aviation Administration

JaySteve
    $800 17
John O'Hara

Steve
    $800 24
Heineken

Steve
    $800 29
glaciers

Steve
    $800 9
Delta Burke

Steve
    $800 27
a frizz

Steve
    $1000 7
Secretary of the Interior

Steve
    $1000 18
Bernard Malamud

Steve
    $1000 25
(Jay: What is Finland?)

Denmark

Jay
Triple Stumper
    $1000 30
the University of Chicago

Gary
    $1000 10
Leslie Nielsen

Jay
    $1000 28
quiz

Gary

Scores at the end of the Double Jeopardy! Round:

Jay Gary Steve
$5,700 $6,100 $11,600

[wagering suggestions for these scores]

Final Jeopardy! Round responses

SCULPTURE
JayWhat is the statue at Rockefeller Center
$5,300
GaryWhat is Stat. of Liberty?
$5,600
SteveWhat is the Statue of Liberty
$601
the Statue of Liberty

Final scores:

Jay Gary Steve
$400 $11,700 $12,201
3rd place: Maytag washer & dryer + Jeopardy! box game or Jeopardy! Challenger 2nd place: a trip for two to New York + Jeopardy! box game or Jeopardy! Challenger New champion: $12,201

Game dynamics:

Coryat scores:

Jay Gary Steve
$3,400 $6,200 $11,600
16 R
(including 2 DDs),
2 W
13 R
(including 1 DD),
0 W
27 R,
5 W

Combined Coryat: $21,200

[game clues] [game scores] [suggest correction]

Game tape date: 1989-06-27
The J! Archive is created by fans, for fans. Scraping, republication, monetization, and malicious use prohibited; this site may use cookies and collect identifying information. See terms. The Jeopardy! game show and all elements thereof, including but not limited to copyright and trademark thereto, are the property of Jeopardy Productions, Inc. and are protected under law. This website is not affiliated with, sponsored by, or operated by Jeopardy Productions, Inc. Join the discussion at JBoard.tv.